[Event "IECC KO email"]
[Site "IECC email"]
[Date "2002.09.07"]
[Round "?"]
[White "Blessing, Chuck"]
[Black "Wakeham, Marc R"]
[Result "0-1"]
[WhiteElo "1205"]
[BlackElo "1497"]
[PlyCount "68"]
[EventDate "2002.??.??"]
[EventType "tourn (corr)"]
[EventRounds "6"]
[SourceTitle "Corr 2008"]
[Source "ChessBase"]
[SourceDate "2008.06.24"]
[SourceVersion "1"]
[SourceVersionDate "2008.06.24"]
[SourceQuality "1"]

1. d4 Nf6 2. c4 g6 3. Nc3 d5 4. e3 Bg7 5. Be2 0-0 6. Nf3 dxc4 7. Bxc4 Bg4 8. h3 Bxf3 9. Qxf3 c6 10. 0-0 Nbd7 11. e4 Nb6 12. Qd3 Nxc4 13. Qxc4 Qc7 14. e5 Nd7 15. f4 Nb6 16. Qe2 Rad8 17. Be3 Nd5 18. f5 Nxe3 19. Qxe3 c5 20. f6 cxd4 21. Qf4 exf6 22. exf6 Qxf4 23. Rxf4 Bh6 24. Rg4 dxc3 25. bxc3 Rd2 26. a4 Rc8 27. a5 Rxc3 28. Re4 Rg3 29. Rc1 Rgxg2+ 30. Kh1 Bf8 31. Rc7 Rgf2 32. Kg1 Rxf6 33. Re1 Rf3 34. Rxb7 Bc5+ 0-1

[Event "IECC KO email"]
[Site "IECC email"]
[Date "2002.09.07"]
[Round "?"]
[White "Wakeham, Marc R"]
[Black "Blessing, Chuck"]
[Result "1-0"]
[WhiteElo "1478"]
[BlackElo "1210"]
[PlyCount "51"]
[EventDate "2002.??.??"]
[EventType "tourn (corr)"]
[EventRounds "6"]
[SourceTitle "Corr 2008"]
[Source "ChessBase"]
[SourceDate "2008.06.24"]
[SourceVersion "1"]
[SourceVersionDate "2008.06.24"]
[SourceQuality "1"]

1. e4 e6 2. d3 d5 3. Nd2 c5 4. Ngf3 Nf6 5. g3 Nc6 6. Bg2 h6 7. 0-0 Bd6 8. Re1 Qc7 9. exd5 Nxd5 10. Ne4 0-0 11. Nxd6 Qxd6 12. Qe2 b6 13. Ne5 Nd4 14. Qd1 Rb8 15. c3 Nf5 16. c4 Nf6 17. Bf4 Qd4 18. Nc6 Qxb2 19. Bxb8 Bd7 20. Be5 Nd4 21. Nxd4 cxd4 22. Rb1 Qc3 23. Bd6 Rc8 24. Bb4 Ba4 25. Qxa4 Qc2 26. Qxc2 1-0

[Event "IECC CL6-2002.14"]
[Site "IECC email"]
[Date "2002.04.22"]
[Round "?"]
[White "Blessing, Chuck"]
[Black "Sloan, John"]
[Result "0-1"]
[WhiteElo "1235"]
[BlackElo "1231"]
[PlyCount "60"]
[EventDate "2002.??.??"]
[EventType "tourn (corr)"]
[EventRounds "4"]
[SourceTitle "Corr 2008"]
[Source "ChessBase"]
[SourceDate "2008.06.24"]
[SourceVersion "1"]
[SourceVersionDate "2008.06.24"]
[SourceQuality "1"]

1. e4 e5 2. Nf3 Nc6 3. Bb5 a6 4. Ba4 Nf6 5. 0-0 Be7 6. Nc3 b5 7. Bb3 0-0 8. Nd5 d6 9. c3 Na5 10. Re1 c6 11. Nb4 Qc7 12. d4 Bg4 13. Qd3 Nxb3 14. axb3 a5 15. Nc2 Rfd8 16. d5 cxd5 17. exd5 e4 18. Rxe4 Bf5 19. Nd2 Nxe4 20. Nxe4 Re8 21. f3 Bxe4 22. Qxe4 Bg5 23. Qd3 Bxc1 24. Rxc1 Qc5+ 25. Kh1 Re5 26. c4 Rae8 27. Ra1 Re2 28. h3 Qf2 29. Rg1 Rxc2 30. cxb5 Re1 0-1